Mi tío el empleado /
Wedi'i Gadw mewn:
| Prif Awdur: | |
|---|---|
| Fformat: | Anhysbys |
| Iaith: | Spanish |
| Cyhoeddwyd: |
Cuba :
Editorial de Arte y Literatura,
1974.
|
| Pynciau: | |
| Tagiau: |
Ychwanegu Tag
Dim Tagiau, Byddwch y cyntaf i dagio'r cofnod hwn!
|
MARC
| LEADER | 000000000a22000000004500 | ||
|---|---|---|---|
| 001 | 002672 | ||
| 041 | 0 | |a spa | |
| 082 | 0 | 4 | |a Cu863.2 |b M617m |
| 100 | 1 | |a Meza, Ramón | |
| 245 | 1 | 0 | |a Mi tío el empleado / |c Ramón Meza. |
| 260 | 1 | |a Cuba : |b Editorial de Arte y Literatura, |c 1974. | |
| 300 | |a 387 páginas | ||
| 650 | 4 | |a LITERATURA CUBANA | |
| 650 | 4 | |a NOVELA | |
| 999 | |c 9044 |d 9044 | ||
| 942 | |c BK |h Cu863.2 M617m |2 z | ||
